000 00367nam a22001577a 4500
003 OSt
008 230509b |||||||| |||| 00| 0 eng d
020 _a9788121926171
041 _aeng
082 _a621.4022
_bRAJ/TE
100 _aRajput, R.K
245 _aTextbook of Heat and mass transfer
260 _aNew Delhi
_bS.Chand
_c2016
300 _a919p
942 _cBK
999 _c14804
_d14804